Polacy z największą liczbą medali na zawodach WCA w 2024 roku - Statystyki

Ogólne statystyki
  • Ten quiz został rozwiązany 47 razy
  • Średni wynik to 15 z 20
Statystyki odpowiedzi
Liczba medali Speedcuber % Poprawnych
84 Tymon Kolasiński
98%
75 Karol Zakrzewski
91%
35 Krzysztof Bober
91%
63 Magdalena Pabisz
87%
35 Oskar Hanuszkiewicz
87%
44 Teodor Zajder
87%
119 Tomasz Pietruszka
87%
66 Antoni Stojek
80%
80 Olaf Kuźmiński
80%
59 Łukasz Burliga
78%
30 Michał Krasowski
78%
30 Przemysław Rogalski
74%
55 Kacper Paweł Dworak
72%
74 Maksymilian Kulas
70%
58 Piotr Olszewski
65%
40 Kajetan Opach
59%
39 Bartosz Karpiński
54%
30 Adam Chodyniecki
52%
43 Szymon Zastawny
48%
50 Adam Kędziorski
46%
Nie znaleziono quizów pasujących do podanych kryteriów
Rozkład punktacji
Procent ludzi z każdym wynikiem
Percentyl według liczby udzielonych odpowiedzi
Twoja historia wyników
Nie rozwiązałeś tego quizu